Las palabras / (Record no. 43343)

MARC details
000 -LEADER
campo de control de longitud fija 00621nam a2200217 i 4500
001 - NÚMERO DE CONTROL
campo de control 43343
003 - IDENTIFICADOR DE NÚMERO DE CONTROL
campo de control ES-MaACL
005 - FECHA Y HORA DE LA ÚLTIMA TRANSACCIÓN
campo de control 20240510063038.0
007 - CAMPO FIJO DE DESCRIPCIÓN FÍSICA--INFORMACIÓN GENERAL
campo de control de longitud fija t|
008 - DATOS DE LONGITUD FIJA--INFORMACIÓN GENERAL
campo de control de longitud fija 030317s1980 sp ||||1| spa d
100 1# - ENTRADA PRINCIPAL--NOMBRE DE PERSONA
Nombre de persona Castro y Castro, Antonio,
Fechas asociadas al nombre 1929-2016
9 (RLIN) 36969
245 14 - MENCIÓN DEL TÍTULO
Título Las palabras /
Mención de responsabilidad, etc. Antonio Castro y Castro.
250 ## - MENCION DE EDICION
Mención de edición [1ª ed.].
260 ## - PUBLICACIÓN, DISTRIBUCIÓN, ETC.
Lugar de publicación, distribución, etc. [Barcelona :
Nombre del editor, distribuidor, etc. Víctor Pozanco,
Fecha de publicación, distribución, etc. 1980]
300 ## - DESCRIPCIÓN FÍSICA
Extensión 126 p. ;
Dimensiones 18 cm.
490 1# - MENCIÓN DE SERIE
Mención de serie Ámbito literario ;
Designación de volumen o secuencia 90
830 0# - PUNTO DE ACCESO ADICIONAL DE SERIE-TÍTULO UNIFORME
Título uniforme Ámbito literario ;
Designación de volumen o secuencia 90
9 (RLIN) 180628
852 ## - LOCALIZACIÓN
Ubicación ES-MaACL
Número de control de estantería L-5401
Sublocalización o colección R.105733
942 ## - ELEMENTOS DE ENTRADA SECUNDARIOS (KOHA)
Fuente del sistema de clasificación o colocación Clasificación decimal universal
Holdings
Estatus retirado Estado de pérdida Estado de daño No para préstamo Biblioteca de origen Biblioteca actual Ubicación en estantería Fecha de adquisición Fuente de adquisición Total de préstamos Signatura topográfica completa Código de barras Visto por última vez Precio de reemplazo Tipo de ítem Koha
        Biblioteca del Ateneo de Madrid Biblioteca del Ateneo de Madrid Depósito 2 17/01/2008     L-5401 1045628 23/02/2023 23/02/2023 Libro impreso